Investment strategies in the funded pillar of the Slovak pension system
Model optimálnych investičných rozhodnutí súkromne riadených penzijných zdrojov. Vývoj cien akcií vyjadrené geometrickým Brownianským pohybom a úroková miera modelom Cox-Ingersoll-Ross. Anuita v druhom pilieri penzijného systému.
Gespeichert in:
| 1. Verfasser: | |
|---|---|
| Weitere Verfasser: | , |
| Format: | Buchkapitel |
| Sprache: | Englisch |
| Schlagworte: | |
| Tags: |
Keine Tags, Fügen Sie das erste Tag hinzu!
|
MARC
| LEADER | 00000naa a2200000 4500 | ||
|---|---|---|---|
| 001 | 0200739 | ||
| 005 | 20231208074131.7 | ||
| 041 | 0 | |a eng | |
| 044 | |a SK | ||
| 245 | 1 | 0 | |a Investment strategies in the funded pillar of the Slovak pension system |c Igor Melicherčík, Gábor Szücs, Igor Vilček |
| 520 | |a Model optimálnych investičných rozhodnutí súkromne riadených penzijných zdrojov. Vývoj cien akcií vyjadrené geometrickým Brownianským pohybom a úroková miera modelom Cox-Ingersoll-Ross. Anuita v druhom pilieri penzijného systému. | ||
| 610 | 2 | 0 | |a programovanie dynamické |
| 610 | 2 | 0 | |a programovanie stochastické |
| 610 | 2 | 0 | |a systémy dôchodkové |
| 610 | 2 | 0 | |a simulácia |
| 610 | 2 | 0 | |a modelovanie finančné |
| 100 | 1 | |a Melicherčík, Igor | |
| 700 | 1 | |a Szücs, Gábor | |
| 700 | 1 | |a Vilček, Igor | |